AH International Schools' Libraries

Dragon Master: Haunting of the Ghost Dragon / (Record no. 49585)

MARC details
000 -LEADER
fixed length control field 01364nam a2200133 4500
020 ## - INTERNATIONAL STANDARD BOOK NUMBER
International Standard Book Number 978-1339022406
100 ## - MAIN ENTRY--PERSONAL NAME
Personal name West, Tracey,
Relator term author.
9 (RLIN) 34424
245 ## - TITLE STATEMENT
Title Dragon Master: Haunting of the Ghost Dragon /
Statement of responsibility, etc by Tracey West.
260 ## - PUBLICATION, DISTRIBUTION, ETC. (IMPRINT)
Name of publisher, distributor, etc Scholastic Inc. ;
Date of publication, distribution, etc December 3, 2024.
300 ## - PHYSICAL DESCRIPTION
Extent 96 pages.
Dimensions 5.25 x 0.25 x 7.5 inches.
490 ## - SERIES STATEMENT
Series statement Dragon Masters:
Volume number/sequential designation 27
500 ## - GENERAL NOTE
General note In the latest action-packed installment of this New York Times bestselling series, Drake and Worm encounter a mysterious Ghost Dragon!<br/><br/>Pick a book. Grow a Reader!<br/><br/>This series is part of Scholastic's early chapter book line, Branches, aimed at newly independent readers. With easy-to-read text, high-interest content, fast-paced plots, and illustrations on every page, these books will boost reading confidence and stamina. Branches books help readers grow!<br/><br/>Zoltan, an evil wizard, has stolen a Dream Orb! With the orb, Zoltan has access to the Dream World -- a place that is forbidden to all wizards. Drake and Bo travel to Zoltan's castle in Gothica to stop him. There, they meet Dragon Master Sandor and his Ghost Dragon Phantom. Is Phantom a ghost or a dragon? Can Drake and Bo find the orb and stop Zoltan before he opens the Dream Gate?<br/><br/>With engaging black-and-white artwork on every page, kids won't be able to put down this page-turning adventure!<br/>
942 ## - ADDED ENTRY ELEMENTS (KOHA)
Source of classification or shelving scheme
Koha item type Book
Holdings
Withdrawn status Lost status Source of classification or shelving scheme Damaged status Not for loan Home library Current library Date acquired Total Checkouts Full call number Barcode Checked out Date last seen Date checked out Price effective from Koha item type
          Logos International School Logos International School 10/01/2025 5 CE WES 042999 05/04/2026 04/24/2026 04/24/2026 10/01/2025 Book

For any Logos Library related questions please contact Miss Art at swongnarasuk@asianhope.org.

For any Asian Hope Library related questions please contact Miss Raza at graza@asianhope.org.

Powered by Koha